000 00311nam a22001337a 4500
008 170815b xxu||||| |||| 00| 0 eng d
020 _a9780201531749
041 _aeng
080 _29 ED
_a51
100 _a36
101 _aMAT
245 _aCALCULUS AND ANALYTIC GEOMETRY
_cTHOMAS.G.B
942 _2udc
_cBK
999 _c23552
_d23552